Año cristiano
Saved in:
| Hovedforfatter: | |
|---|---|
| Format: | Bog |
| Sprog: | spansk |
| Udgivet: |
Madrid
Ediciones Fax
1933
|
| Fag: | |
| Tags: |
Tilføj Tag
Ingen Tags, Vær først til at tagge denne postø!
|
MARC
| LEADER | 00000cam a2200000 a 4500 | ||
|---|---|---|---|
| 001 | UCD1147 | ||
| 003 | CL-VaPUC | ||
| 008 | 160107e19330000sp |||||||||||||||||spa|d | ||
| 082 | 0 | 4 | |a 248 |b PER |2 21 |
| 100 | 0 | |a Pérez de Urbel, Justo |e author |9 584241 | |
| 245 | 1 | 0 | |a Año cristiano |
| 300 | |a v | ||
| 942 | |c BK | ||
| 945 | |d 20160107 17:53:00 |a gsalatino | ||
| 260 | |a Madrid |b Ediciones Fax |c 1933 | ||
| 500 | |a v.4: Octubre-diciembre | ||
| 650 | 7 | |a SANTOS |2 CL-VaPUC |9 313738 | |
| 650 | 0 | |a Cristianismo |9 257361 | |
| 583 | |a last modification |c 20160107 17:53:00 |k Rodrigo Vera | ||
| 999 | |c 362561 |d 362559 | ||
| 952 | |0 0 |1 0 |3 erd |4 0 |6 248_000000000000000_PER_1933 |7 0 |8 P |9 473865 |a BIBTEO |b BIBTES |c TEO_FTES |h v.4 |i 5276020 |o 248 PER 1933 |p 5276020 |r 2024-01-18 |w 2019-11-24 |y BK |z Catalogado en:20160107 |k ICR | ||